000 00520nam a2200181Ia 4500
999 _c33146
_d33146
003 OSt
005 20200908132958.0
008 190216s9999||||xx |||||||||||||| ||und||
020 _a0852267886
040 _coclc
082 _a539.7
_bROY/N
100 _aRoy, R R
_94504
245 0 _aNuclear Physics :
_bTheory and Experiment /
_cR R Roy ; B P Nigam
260 _bWiley Eastern Ltd,
_c1986.
_aNew Delhi:
300 _a616p
650 _aPhysics
942 _cBK
_2ddc
_h539.7
_iROY/N
_k539.7
_mROY/N